<Die> Wettbewerbsmärkte in der deutschen Investmentbranche
Na minha lista:
| Autor principal: | |
|---|---|
| Outros Autores: | |
| Formato: | Capítulo de Livro |
| Idioma: | alemão |
| Assuntos: | |
| Tags: |
Sem tags, seja o primeiro a adicionar uma tag!
|
MARC
| LEADER | 00000nla a2200000 4500 | ||
|---|---|---|---|
| 001 | 0223494 | ||
| 005 | 20240502073645.6 | ||
| 041 | 0 | |a ger | |
| 044 | |a SK | ||
| 245 | 1 | 0 | |a <Die> Wettbewerbsmärkte in der deutschen Investmentbranche |c Sebastian Beilecke, Peter Markovič |
| 610 | 2 | 0 | |a investície |
| 610 | 2 | 0 | |a financie |
| 610 | 2 | 0 | |a kapitál finančný |
| 610 | 2 | 0 | |a konkurencia |
| 610 | 2 | 0 | |a trh |
| 610 | 2 | 0 | |a Nemecko |
| 100 | 1 | |a Beilecke, Sebastian | |
| 700 | 1 | |a Markovič, Peter, 1974- | |